| 000 | 01133cam a2200397 a 4500 | ||
|---|---|---|---|
| 001 | 3822634 | ||
| 003 | OSt | ||
| 005 | 20140310182040.0 | ||
| 008 | 860108s1986 nyu 000 1 eng | ||
| 010 | _a 86001300 | ||
| 020 | _a0670520713 | ||
| 040 |
_aDLC _cDLC _dDLC |
||
| 050 | 0 | 0 |
_aPS 3537 _b.St819 1993 |
| 082 | 0 | 0 |
_aHS 813.52 _bSt34 1993 |
| 100 | 1 |
_aSteinbeck, John _d1902-1968. _911109 |
|
| 245 | 1 | 0 |
_aOf mice and men / _cJohn Steinbeck. |
| 260 |
_aNew York, N.Y. : _bViking, _cc1993. |
||
| 300 |
_a107 p. : _c19 cm. |
||
| 650 | 0 |
_aPeople with mental disabilities _vFiction. _911110 |
|
| 650 | 0 |
_aMale friendship _xFiction. _911111 |
|
| 650 | 0 |
_aRanch life _xFiction. _911112 |
|
| 650 | 0 |
_aCowboys _xFiction. _911113 |
|
| 651 | 0 |
_aSalinas River Valley (Calif.) _xFiction. _911114 |
|
| 655 | 7 |
_aPsychological fiction. _2lcsh _92883 |
|
| 655 | 7 |
_aWestern stories. _2gsafd _95109 |
|
| 906 |
_a7 _bcbc _corignew _d1 _eocip _f19 _gy-gencatlg |
||
| 942 |
_2lcc _cHS |
||
| 999 |
_c8777 _d8777 |
||